Ciudades en las que ha celebrado Eurovisión Junior (con un mapa) - Estadísticas

Estadísticas generales
  • Esta prueba ha sido intentada 187 veces
    167 desde el último reinicio
  • La puntuación promedio es 11 de 17
Respuestas en el mapa
Las respuestas están codificadas por una escala verde-roja en el mapa de la prueba según el % correcto abajo.
 
Estadísticas de respuestas
Ciudad Año % Correcto
París 2021
100%
Kiev 2009, 2013
92%
Varsovia 2020
92%
La Valeta 2016
90%
Ámsterdam 2012
89%
Minsk 2010, 2018
87%
Sofía 2015
84%
Bucarest 2006
83%
Rótterdam 2007
83%
Copenhague 2003
81%
Ereván 2011
63%
Tiflis 2017
63%
Limassol 2008
43%
Gliwice 2019
31%
Lillehammer 2004
28%
Hasselt 2005
21%
Marsa 2014
17%
No se encontraron pruebas coincidentes
Distribución de puntuación
Porcentaje de gente con cada puntuación
Porcentaje por número respondido
Historial de tus puntuaciones
No has intentado esta prueba desde el último reinicio